BBL Meister - Statistiken

Allgemein
  • Dieses Quiz wurde 221 mal gespielt
  • Das Durchschnittsergebnis liegt bei 38 aus 75
Antwortstatistiken
Jahr
Meister
% Korrekt
2021 ALBA BERLIN
98%
2020 ALBA BERLIN
98%
2008 ALBA BERLIN
98%
2003 ALBA BERLIN
98%
2002 ALBA BERLIN
98%
2001 ALBA BERLIN
98%
2000 ALBA BERLIN
98%
1999 ALBA BERLIN
98%
1998 ALBA BERLIN
98%
1997 ALBA BERLIN
98%
2019 FC Bayern München
95%
2018 FC Bayern München
95%
2014 FC Bayern München
95%
1955 FC Bayern München
95%
1954 FC Bayern München
95%
2017 Brose Bamberg
78%
2016 Brose Bamberg
78%
2015 Brose Bamberg
78%
2005 GHP Bamberg
75%
2009 EWE Baskets Oldenburg
60%
1996 TSV Bayer 04 Leverkusen
57%
1995 TSV Bayer 04 Leverkusen
57%
1994 TSV Bayer 04 Leverkusen
57%
1993 TSV Bayer 04 Leverkusen
57%
1992 TSV Bayer 04 Leverkusen
57%
1991 TSV Bayer 04 Leverkusen
57%
1990 TSV Bayer 04 Leverkusen
57%
1986 TSV Bayer 04 Leverkusen
57%
1985 TSV Bayer 04 Leverkusen
57%
1979 TuS 04 Leverkusen
54%
1976 TuS 04 Leverkusen
54%
1972 TuS 04 Leverkusen
54%
1971 TuS 04 Leverkusen
54%
1970 TuS 04 Leverkusen
54%
1947 MTSV Schwabing München
49%
1949 Schwabing München
49%
1988 BSC Saturn Köln
46%
1987 BSC Saturn Köln
46%
1982 BSC Saturn Köln
46%
1981 BSC Saturn Köln
46%
2006 RheinEnergie Köln
45%
1978 MTV Gießen
37%
1975 MTV Gießen
37%
1968 MTV Gießen
37%
1967 MTV Gießen
37%
1965 MTV Gießen
37%
1984 ASC 46 Göttingen
34%
1983 ASC 46 Göttingen
34%
1980 SSC Göttingen
32%
1953 Turnerbund Heidelberg
26%
1952 Turnerbund Heidelberg
26%
1951 Turnerbund Heidelberg
26%
1948 Turnerbund Heidelberg
26%
1977 USC Heidelberg
26%
1973 USC Heidelberg
26%
1966 USC Heidelberg
26%
1962 USC Heidelberg
26%
1961 USC Heidelberg
26%
1960 USC Heidelberg
26%
1959 USC Heidelberg
26%
1958 USC Heidelberg
26%
1957 USC Heidelberg
26%
2013 Brose Baskets
24%
2012 Brose Baskets
24%
2011 Brose Baskets
24%
2010 Brose Baskets
24%
2007 Brose Baskets
24%
1974 SSV Hagen
22%
2004 Opel SKYLINERS
20%
1989 Steiner Bayreuth
20%
1956 ATV Düsseldorf
18%
1969 VfL Osnabrück
7%
1964 Alemannia Aachen
4%
1963 Alemannia Aachen
4%
1950 BC Stuttgart-Degerloch
0%
Keine übereinstimmenden Quizze gefunden
Verteilung der Resultate
Anzahl Personen mit jedem Resultat
Perzentil nach korrekt beantworteten Fragen
Ihre Resultats-Entwicklung
Sie haben dieses Quiz noch nicht gespielt